Joueurs de Tennis aux ATP Finals depuis 2015 - Statistiques

Statistiques générales
  • Ce quiz a été pris 17 185 fois
    574 depuis la dernière actualisation
  • Le résultat moyen est 27 sur 35
Statistiques - réponses
Participation(s) Nationalité Joueur % Correct
8 Serbie Novak Djokovic
100%
8 Allemagne Alexander Zverev
99%
5 Espagne Rafael Nadal
98%
3 Espagne Carlos Alcaraz
97%
6 Russie Daniil Medvedev
97%
4 Suisse Roger Federer
97%
4 Italie Jannik Sinner
96%
5 Grèce Stéfanos Tsitsipás
96%
3 Norvège Casper Ruud
92%
2 Royaume-Uni Andy Murray
89%
2 Suisse Stanislas Wawrinka
89%
5 Russie Andrey Rublev
88%
5 Autriche Dominic Thiem
88%
1 France Gaël Monfils
87%
2 Australie Alex De Minaur
84%
1 Danemark Holger Rune
84%
3 États-Unis Taylor Fritz
82%
2 Canada Félix Auger-Aliassime
81%
1 Bulgarie Grigor Dimitrov
81%
3 Croatie Marin Čilić
81%
3 Japon Kei Nishikori
80%
1 Belgique David Goffin
74%
2 Pologne Hubert Hurkacz
73%
1 Italie Lorenzo Musetti
73%
1 États-Unis Ben Shelton
71%
1 Espagne David Ferrer
62%
2 Italie Matteo Berrettini
61%
1 Royaume-Uni Cameron Norrie
60%
1 Afrique du Sud Kevin Anderson
57%
1 Canada Milos Raonic
53%
1 États-Unis John Isner
50%
1 Argentine Diego Schwartzman
48%
1 Tchéquie Tomás Berdych
48%
1 Espagne Pablo Carreño Busta
45%
1 États-Unis Jack Sock
34%
Aucun quiz correspondant
Distribution des résultats
% des personnes avec chaque résultat
Percentile par nombre de réponses
Votre historique - résultats
Vous n’avez pas pris ce quiz depuis la dernière actualisation